[Event "CHN-ch U20 Girls"]
[Site "Shanghai"]
[Date "2024.02.18"]
[Round "6"]
[White "Huang, Yue1"]
[Black "Zhou, Jingyi"]
[Result "0-1"]
[WhiteElo "1719"]
[BlackElo "1716"]
[PlyCount "90"]
[EventDate "2024.02.16"]
[EventType "swiss"]
[EventRounds "11"]
[EventCountry "CHN"]
[SourceTitle "CB09_2024"]
[SourceDate "2024.02.28"]
[SourceVersion "1"]
[SourceVersionDate "2024.02.28"]
[SourceQuality "1"]

1. e4 c5 2. Nf3 e6 3. d4 cxd4 4. Nxd4 a6 5. Nc3 Qc7 6. Bd3 b5 7. a3 Bb7 8. 0-0 Nc6 9. Nxc6 dxc6 10. Be3 Nf6 11. f4 c5 12. e5 Nd5 13. Nxd5 Bxd5 14. Qe1 Be7 15. Qg3 g6 16. Be2 Qc6 17. Bf3 Bxf3 18. Qxf3 Qxf3 19. Rxf3 0-0-0 20. Kf2 Rd5 21. Ke2 h5 22. Rff1 Rhd8 23. c4 Rd3 24. cxb5 axb5 25. Rac1 Kb7 26. Rc2 Rb3 27. Rfc1 Rd5 28. g3 Ka6 29. Bf2 Ka5 30. Rd1 Rxd1 31. Kxd1 Kb6 32. Ke2 Kc6 33. Rd2 f6 34. Be3 fxe5 35. fxe5 Rxe3+ 36. Kxe3 Bg5+ 37. Kd3 Bxd2 38. Kxd2 Kd5 39. Kd3 Kxe5 40. b3 Kd5 41. a4 bxa4 42. bxa4 e5 43. a5 Kc6 44. Ke4 c4 45. Kxe5 c3 0-1

[Event "CHN-ch U20 Girls"]
[Site "Shanghai"]
[Date "2024.02.16"]
[Round "1"]
[White "Zhou, Jingyi"]
[Black "Xu, Jiangwanning"]
[Result "1-0"]
[WhiteElo "1716"]
[BlackElo "1225"]
[PlyCount "105"]
[EventDate "2024.02.16"]
[EventType "swiss"]
[EventRounds "11"]
[EventCountry "CHN"]
[SourceTitle "CB09_2024"]
[SourceDate "2024.02.28"]
[SourceVersion "1"]
[SourceVersionDate "2024.02.28"]
[SourceQuality "1"]

1. e4 e6 2. d4 d5 3. e5 c5 4. c3 Nc6 5. Nf3 Qb6 6. a3 Nh6 7. b4 cxd4 8. cxd4 Nf5 9. Bb2 Bd7 10. Be2 Rc8 11. h4 Be7 12. g4 Nh6 13. Rg1 Na5 14. Nbd2 Nc4 15. Nxc4 dxc4 16. Rc1 Qa6 17. d5 exd5 18. Qxd5 Bxg4 19. Rxg4 Nxg4 20. Bxc4 Qg6 21. Bb5+ Rc6 22. Bxc6+ bxc6 23. Rxc6 Qb1+ 24. Rc1 Qf5 25. Qb5+ Qd7 26. Qb8+ Bd8 27. Rd1 Qe7 28. Qb5+ Kf8 29. Bd4 Nxe5 30. Qxe5 f6 31. Bc5 fxe5 32. Rxd8+ Kf7 33. Bxe7 Rxd8 34. Bxd8 Ke6 35. Bc7 e4 36. Ng5+ Kd5 37. Nxh7 a6 38. Kd2 Kc4 39. Kc2 Kd5 40. Kc3 Kc6 41. Be5 g6 42. Kd4 Kb5 43. Kxe4 Ka4 44. Nf8 Kxa3 45. Bd6 Ka4 46. Nxg6 Kb5 47. h5 a5 48. bxa5 Kc6 49. h6 Kxd6 50. h7 Ke6 51. h8Q Kf7 52. Qh7+ Ke6 53. Qe7# 1-0

[Event "CHN-chT (Women)"]
[Site "Daqing"]
[Date "2019.06.27"]
[Round "9.7"]
[White "Hu, Yu A"]
[Black "Zhou, Jingyi"]
[Result "1/2-1/2"]
[WhiteElo "2073"]
[BlackElo "1630"]
[PlyCount "60"]
[EventDate "2019.06.19"]
[EventType "team-swiss"]
[EventRounds "9"]
[EventCountry "CHN"]
[SourceTitle "CBM 191 Extra"]
[Source "ChessBase"]
[SourceDate "2019.09.30"]
[SourceVersion "1"]
[SourceVersionDate "2019.09.30"]
[SourceQuality "1"]
[WhiteTeam "Heilongjiang (W)"]
[BlackTeam "Chongqing (W)"]
[WhiteTeamCountry "CHN"]
[BlackTeamCountry "CHN"]

1. e4 c5 2. Nf3 e6 3. c3 d5 4. exd5 Qxd5 5. d4 Nf6 6. Na3 Nc6 7. Be3 cxd4 8. Nb5 Qd8 9. Nbxd4 Nxd4 10. Bxd4 Be7 11. Bd3 0-0 12. 0-0 b6 13. Qc2 h6 14. Rad1 Qe8 15. Ne5 Bb7 16. f4 Rc8 17. f5 Bc5 18. Qf2 Bxd4 19. Qxd4 Rd8 20. Qf2 exf5 21. Qxf5 Rd5 22. Rfe1 Qd8 23. c4 Rd4 24. Qf2 Be4 25. Bc2 Rxd1 26. Rxd1 Qc7 27. Bxe4 Nxe4 28. Qd4 Nf6 29. b3 Re8 30. Nf3 Re7 1/2-1/2

[Event "CHN-chT (Women)"]
[Site "Hangzhou"]
[Date "2018.06.24"]
[Round "8.5"]
[White "Zhou, Jingyi"]
[Black "Ni, Shiqun"]
[Result "0-1"]
[WhiteElo "1629"]
[BlackElo "2427"]
[PlyCount "168"]
[EventDate "2018.06.19"]
[EventType "team-swiss"]
[EventRounds "9"]
[EventCountry "CHN"]
[SourceTitle "CBM 185 Extra"]
[Source "ChessBase"]
[SourceDate "2018.07.29"]
[SourceVersion "1"]
[SourceVersionDate "2018.07.29"]
[SourceQuality "1"]
[WhiteTeam "Chongqing (W)"]
[BlackTeam "Shanghai (W)"]
[WhiteTeamCountry "CHN"]
[BlackTeamCountry "CHN"]

1. e4 Nf6 2. Nc3 e5 3. Nf3 Bb4 4. d3 d6 5. Bg5 h6 6. Bd2 c6 7. Be2 0-0 8. 0-0 Ba5 9. h3 Nbd7 10. Qe1 Re8 11. Nd1 Bc7 12. c4 Nf8 13. Nc3 Ng6 14. Qd1 d5 15. cxd5 cxd5 16. Qc2 Be6 17. Rac1 Rc8 18. Qb1 a6 19. Rfe1 Bd6 20. Bf1 d4 21. Ne2 Qb6 22. Ng3 Nd7 23. b4 Qb5 24. a3 Bf8 25. Qa1 Nb6 26. Rxc8 Rxc8 27. Rc1 Qa4 28. Rxc8 Nxc8 29. Qc1 Nd6 30. Qb2 Nb5 31. Bc1 a5 32. h4 axb4 33. axb4 Bxb4 34. h5 Bc3 35. Qe2 Nf4 36. Bxf4 exf4 37. Nf5 Qa2 38. Qd1 Qa1 39. Qe2 Qb2 40. Kh2 Qxe2 41. Bxe2 g6 42. hxg6 fxg6 43. Nxh6+ Kg7 44. Ng5 Ba2 45. Ng4 Nc7 46. Ne5 b5 47. Bd1 b4 48. Nc4 b3 49. Na3 Bb2 50. Nc4 Bc1 51. Nf3 b2 52. Bc2 b1Q 53. Bxb1 Bxb1 54. Nxd4 Bxd3 55. Nd6 Kf6 56. Nf3 Ke6 57. e5 Bb2 58. Nb7 Kd5 59. g3 Be4 60. Nd2 Bxe5 61. Nxe4 Kxe4 62. gxf4 Kxf4 63. Kg2 Ne6 64. Na5 Nd4 65. Nc4 Nf5 66. Nd2 Nh4+ 67. Kf1 Nf3 68. Nc4 Nd4 69. Kg2 g5 70. Nb2 Ke4 71. Nd1 Nf5 72. Kf1 Kf3 73. Ke1 Bd4 74. Kf1 g4 75. Ke1 Nd6 76. Kf1 Ne4 77. Kg1 Bxf2+ 78. Kh1 g3 79. Ne3 Kxe3 80. Kg2 Kf4 81. Kh1 Be1 82. Kg2 Bc3 83. Kg1 Kf3 84. Kh1 g2+ 0-1